000 00744nam a22002177a 4500
003 OSt
005 20260126084652.0
008 260126b |||||||| |||| 00| 0 eng d
020 _a 0-13-493385
040 _aDWC-Main lib
_cOC
082 _aCirc. 332.72 C971r 1997
100 _aCummings, Jack
245 _aReal state finance Investment manual/
_cJack Cummings
260 _aNew Jersey :
_bPrentice hall ,
_cc1997.
300 _axxvi , 550 pages :
_billustrations ;
_c 23cm.
504 _aIncludes index.
650 _a1. Mortgage loans- Handbooks manuals
650 _a2. Real Estate business-finance-handbooks,manual etc.
650 _a3. Real estate investment- finance- handbooks,manuals etc.
942 _2ddc
_cBK-CIRC
_kCirc.
_n0
999 _c7833
_d7833